000
00327nam a2200133Ia 4500
003
OSt
008
191201s2014 xx 000 0 und d
100
_a
MUTHUKUMARAN,B
245
0
_a
Introduction to High Performance Network
260
_a
N. Delhi
_b
Vijay Nicole
_c
2014
300
_a
426
650
_a
B.Tech(CSE)
942
_2
ddc
_c
BK
999
_c
6309
_d
6309